Po Hummeri Pepsi-Cola, autobusy, takmer všetko

Bibliographic Details
Main Author: mág (Author)
Corporate Author: Horizont Slovakia, Košice (Author)
Format: Article
Language:Slovak
PhysicalDescription:1 obr.
Subjects:

MARC

LEADER 00000nab a2200000 a 4500
001 vtls000906291
003 SK-MaSNL
005 20260303210842.0
008 040720e20010411xo 0 slo
035 |a KE15234 
040 |a KEVKJB  |b slo  |c KEVKJB  |e AACR2 
041 0 |a slo 
044 |a xo  |c SK 
080 |a 336.7  |2 1981 
080 |a 061.21  |2 1981 
100 0 |a mág  |4 aut  |9 868877 
245 1 0 |a Po Hummeri Pepsi-Cola, autobusy, takmer všetko 
300 |b 1 obr. 
610 2 7 |a Horizont Slovakia (Košice, Slovensko)  |2 KEVKJB  |9 877680 
650 0 7 |a akciové spoločnosti  |2 KEVKJB  |9 2214 
650 0 7 |a aktivity  |2 KEVKJB  |9 372560 
650 0 7 |a informácie  |2 KEVKJB  |9 1285 
651 7 |a Košice (Slovensko)  |2 KEVKJB  |9 18694 
651 7 |a KE,  |2 KEVKJB  |9 877256 
655 7 |a periodikum  |2 snkbucl  |9 29553 
710 2 |a Horizont Slovakia, Košice  |4 aut  |9 878060 
773 0 8 |t Košický večer  |g Roč. 12  |g Roč. 33, č.72, 11.4.2001, s. 2 
852 |a ZVYKNI  |b KIS3GCP 
999 |c 2202113  |d 2204043